000 00757 a2200217 4500
999 _c1740
_d1740
020 _a9780495095156 (student ed.)
020 _a049509515X (student ed.)
050 0 0 _aHV11 RUB 2008
100 1 _aRubin, Allen.
245 1 0 _aResearch methods for social work /
_cAllen Rubin, Earl R. Babbie.
250 _a6th ed.
264 _aBelmont
_bThomson
_c2008
300 _axix, 668 p. :
_bill. ;
500 _aSocial Work
504 _aIncludes bibliographical references (p. 647-658) and index.
650 0 _aSocial service
_xResearch
_xMethodology.
700 1 _aBabbie, Earl R.
942 _2lcc
_cBK
_e6th ed.
_h11
_iRUB
_kHV